Actualidades otorrinolaringológicas / (Record no. 121937)

MARC details
000 -LEADER
campo de control de longitud fija 00632nam a2200181 i 4500
001 - NÚMERO DE CONTROL
campo de control 121937
003 - IDENTIFICADOR DE NÚMERO DE CONTROL
campo de control ES-MaACL
005 - FECHA Y HORA DE LA ÚLTIMA TRANSACCIÓN
campo de control 20230906191854.0
007 - CAMPO FIJO DE DESCRIPCIÓN FÍSICA--INFORMACIÓN GENERAL
campo de control de longitud fija t|
008 - DATOS DE LONGITUD FIJA--INFORMACIÓN GENERAL
campo de control de longitud fija 070214s1966 sp r ||||1| spa d
245 00 - MENCIÓN DEL TÍTULO
Título Actualidades otorrinolaringológicas /
Mención de responsabilidad, etc. R. Poch Viñals [director] ; con la colaboración de R. Bartual Vicens ... [et al.].
260 ## - PUBLICACIÓN, DISTRIBUCIÓN, ETC.
Lugar de publicación, distribución, etc. Madrid :
Nombre del editor, distribuidor, etc. Marban,
Fecha de publicación, distribución, etc. 1966.
300 ## - DESCRIPCIÓN FÍSICA
Extensión VI, 246 p. :
Otras características físicas il. ;
Dimensiones 24 cm.
650 #4 - PUNTO DE ACCESO ADICIONAL DE MATERIA--TÉRMINO DE MATERIA
Término de materia o nombre geográfico como elemento de entrada Enfermedades otorrinolaringológicas.
9 (RLIN) 144723
700 1# - ENTRADA AGREGADA--NOMBRE PERSONAL
Nombre de persona Poch Viñals, Rosendo (
Fechas asociadas al nombre 1913-1986)
9 (RLIN) 92699
700 1# - ENTRADA AGREGADA--NOMBRE PERSONAL
Nombre de persona Bartual Vicens, R.
9 (RLIN) 26201
852 ## - LOCALIZACIÓN
Ubicación ES-MaACL
Número de control de estantería C-29687
Sublocalización o colección R.60093
Holdings
Estatus retirado Estado de pérdida Estado de daño No para préstamo Biblioteca de origen Biblioteca actual Ubicación en estantería Fecha de adquisición Fuente de adquisición Total de préstamos Signatura topográfica completa Código de barras Visto por última vez Precio de reemplazo Tipo de ítem Koha
        Biblioteca del Ateneo de Madrid Biblioteca del Ateneo de Madrid Depósito 2 17/01/2008     C-29687 1127073 23/02/2023 23/02/2023 Libro impreso